000
00264 a2200121 4500
001
155372
040
_c
Escola São Tomás de Aquino
240
1
0
_a
O mundo dos animais
_l
por
245
1
0
_a
O mundo dos animais
362
0
_a
1985
697
_a
CIÊNCIAS
942
_c
BK
999
_c
155372
_d
155372